Logo BPK

Biblioteka

Politechniki Koszalińskiej

Imperium / (Rekord nr 54909)

Szczegóły MARC
000 -ETYKIETA REKORDU
podpole kontrolne o stałej długości 01306nam a2200373 i 4500
001 - NUMER KONTROLNY REKORDU
pole kontrolne bg
020 ## - MIĘDZYNARODOWY ZNORMALIZOWANY NUMER KSIĄŻKI - ISBN
ISBN 9788375521214
020 ## - MIĘDZYNARODOWY ZNORMALIZOWANY NUMER KSIĄŻKI - ISBN
ISBN 9788375521276 (seria)
040 ## - ŹRÓDŁO KATALOGOWANIA
Instytucja, która utworzyła rekord BPK
041 0# - KOD JĘZYKA
Kod języka tekstu pol
Kod języka oryginału ita
044 ## - KOD KRAJU WYDAWCY/PRODUCENTA
Kod kraju wydawcy/producenta POL
080 ## - UNIWERSALNA KLASYFIKACJA DZIESIĘTNA - UKD
UKD 94(47+57)"1945/1991"(047)
920 ## - Międzynarodowy znormalizowany numer książki – ISBN
ISBN 978-83-7552-121-4
920 ## - Międzynarodowy znormalizowany numer książki – ISBN
ISBN 978-83-7552-127-6 (seria)
008 - POLE O STAŁEJ DŁUGOŚCI - DANE KONTROLNE
podpole kontrolne o stałej długości s pl f |000 0 pol
100 0# - NAZWA OSOBOWA
Nazwa osobowa Kapuściński, Ryszard
Daty związane z nazwą (1932-2007).
245 00 - TYTUŁ/ODPOWIEDZIALNOŚĆ
Tytuł Imperium /
Pozostałe elementy strefy tytułu i oznaczenia odpowiedzialności Ryszard Kapuściński.
250 ## - STREFA WYDANIA
Oznaczenie wydania Wyd. 17.
260 ## - STREFA ADRESU WYDAWNICZEGO
Miejsce wydania Warszawa :
Nazwa wydawcy/dystrybutora Agora,
Data publikacji, dystrybucji/powstania dokumentu 2008.
300 ## - STREFA OPISU FIZYCZNEGO
Objętość 285, [2] s. ;
Rozmiary 22 cm.
490 1# - STREFA SERII I DOKUMENTU WIELOCZĘŚCIOWEGO - FORMA NIE DO WYSZUKIWANIA
Tytuł i oznaczenie odpowiedzialności serii Kolekcja wybranych dzieł Ryszarda Kapuścińskiego / pod red. Bożeny Dudko i Mariusza Szczygła ;
-- Biblioteka Gazety Wyborczej
Numeracja w obrębie serii t. 11
490 1# - STREFA SERII I DOKUMENTU WIELOCZĘŚCIOWEGO - FORMA NIE DO WYSZUKIWANIA
Tytuł i oznaczenie odpowiedzialności serii Biblioteka Gazety Wyborczej
504 ## - UWAGA DOTYCZĄCA BIBLIOGRAFII
Informacje o bibliografii Bibliogr. s. 285-[286].
546 ## - UWAGA O JĘZYKU
Uwaga o języku Tekst częśc. tł. z wł.
650 #9 - HASŁO PRZEDMIOTOWE W FORMIE NAZWY OGÓLNEJ LUB JEDNOSTKOWEJ
Nazwa ogólna lub geograficzna Reportaż polski
Określnik chronologiczny od 1989 r.
651 #9 - HASŁO PRZEDMIOTOWE W FORMIE NAZWY GEOGRAFICZNEJ
Nazwa geograficzna ZSRR
Określnik chronologiczny 1945-1991 r.
655 ## - TERMIN INDEKSOWY - OKREŚLENIE RODZAJU/FORMY DOKUMENTU
Określenie rodzaju/formy dokumentu Publicystyka
700 1# - HASŁO DODATKOWE - NAZWA OSOBOWA
Nazwa osobowa Dudko, Bożena
Daty związane z nazwą (1963- ).
Określenie związku między hasłem a opisywanym materiałem Red.
700 1# - HASŁO DODATKOWE - NAZWA OSOBOWA
Nazwa osobowa Szczygieł, Mariusz
Daty związane z nazwą (1966- ).
Określenie związku między hasłem a opisywanym materiałem Red.
800 1# - HASŁO DODATKOWE OPISU DOKUMENTU WIELOCZĘŚCIOWEGO - NAZWA OSOBOWA
Nazwa osobowa Kapuściński, Ryszard
Daty związane z nazwą (1932-2007).
Tytuł dzieła Kolekcja wybranych dzieł Ryszarda Kapuścińskiego
Oznaczenie tomu t. 11
830 ## - HASŁO DODATKOWE SERII LUB DOKUMENTU WIELOCZĘŚCIOWEGO - TYTUŁ UJEDNOLICONY
Tytuł ujednolicony Biblioteka Gazety Wyborczej
856 ## - LOKALIZACJA I DOSTĘP DO ELEKTRONICZNYCH DOKUMENTÓW ZDALNYCH
Link (URL) http://koha.tu.koszalin.pl/cgi-bin/koha/opac-detail.pl?biblionumber=54909
Tekst linku Katalog online BPK
942 ## - DODATKOWE ELEMENTY (KOHA)
Typ dokumentu Książka
Egzemplarze
Wycofany Status egzemplarza Uszkodzony Dostępność Lokalizacja stała Lokalizacja bieżąca Miejsce przechowywania Sygnatura Kod kreskowy Ostatnio wypożyczono Typ dokumentu
      Dostępny Biblioteka Politechniki Koszalińskiej Biblioteka Politechniki Koszalińskiej Wypożyczalnia BG 87297 02410845 03.10.2017 Książka
© 2023 Biblioteka Politechniki Koszalińskiej :: KOHA